5HLuxD.jpg

KING HENRY VIII SENIOR AND PRIMARY SCHOOL LIBRARY OPAC

Captain Underpants and the tyrannical retaliation of the Turbo Toilet 2000 : (Record no. 3445)

000 -LEADER
fixed length control field 02168cam a2200289 a 4500
001 - CONTROL NUMBER
control field (Sirsi) a948826
003 - CONTROL NUMBER IDENTIFIER
control field OSt
005 - DATE AND TIME OF LATEST TRANSACTION
control field 20240120125546.0
008 - FIXED-LENGTH DATA ELEMENTS--GENERAL INFORMATION
fixed length control field 140411s2014 si a c 000 1 eng c
020 ## - INTERNATIONAL STANDARD BOOK NUMBER
International Standard Book Number 9789810900298
Qualifying information (pbk.) :
040 ## - CATALOGING SOURCE
Original cataloging agency NJQ/DLC
Language of cataloging eng
Transcribing agency ZQP
Modifying agency DLC
-- BTCTA
-- YDXCP
-- BDX
-- SINLB
-- OCLCF
-- ZHB
-- VP@
-- EEK
-- TAE
-- KH8
042 ## - AUTHENTICATION CODE
Authentication code nbic
082 0# - DEWEY DECIMAL CLASSIFICATION NUMBER
Classification number 813.54 PIL
100 1# - MAIN ENTRY--PERSONAL NAME
Personal name Pilkey, Dav,
Dates associated with a name 1966-
Relator term Author
245 10 - TITLE STATEMENT
Title Captain Underpants and the tyrannical retaliation of the Turbo Toilet 2000 :
Remainder of title the eleventh epic novel /
Statement of responsibility, etc. by Dav Pilkey.
260 ## - PUBLICATION, DISTRIBUTION, ETC.
Place of publication, distribution, etc. Singapore :
Name of publisher, distributor, etc. Scholastic Inc.,
Date of publication, distribution, etc. 2014.
300 ## - PHYSICAL DESCRIPTION
Extent 220 p. :
Other physical details ill. ;
Dimensions 20 cm.
505 0# - FORMATTED CONTENTS NOTE
Formatted contents note The truth, the whole truth, and nothing but the truth about Captain Underpants -- George and Harold -- Don't you hate it when a kickball hits Uranus? -- Melvin's moment of mirth -- He-who-must-not-be-flushed -- Big Melvin returns -- Sanitized for your protection -- The incredibly graphic violence chapter, part 1 (in Flip-O-Rama) -- Everybody loves Melvin -- With great power comes a great big pain in the hiney -- It's a mad, mad, mad, mad Melvin -- Dark foreshadows -- Headin' home -- Eleven minutes later -- What was to come next -- To thine own self be truant -- Super-secret test day -- The idea -- Our doppel g?ng -- The pact -- Shift workers -- Problems -- Super Diaper Baby 2 1/2 -- Dream a little dream of us -- Twin pranks -- Twelve days of chaos -- Heeeeeeeeere's Johnny! -- Disguise crazy! -- One smashed into the cuckoo's nest -- The incredibly graphic violence chapter, part 2 (in Flip-O- Rama) -- Tears of a commode -- The re-retaliation -- Surprise, surprise, surprise! -- To make a long story short -- Welcome back, Krupp -- Hamsterdactyls -- All's well that ends poorly.
520 ## - SUMMARY, ETC.
Summary, etc. The monstrous Turbo Toilet 2000 is determined to take revenge on George, Harold, and Captain Underpants.
521 1# - TARGET AUDIENCE NOTE
Target audience note 9-12.
650 #0 - SUBJECT ADDED ENTRY--TOPICAL TERM
Topical term or geographic name entry element Captain Underpants (Fictitious character)
Form subdivision Juvenile. fiction.
650 #0 - SUBJECT ADDED ENTRY--TOPICAL TERM
Topical term or geographic name entry element School principals
Form subdivision Juvenile fiction.
650 #0 - SUBJECT ADDED ENTRY--TOPICAL TERM
Topical term or geographic name entry element Monsters
Form subdivision Juvenile fiction.
650 #0 - SUBJECT ADDED ENTRY--TOPICAL TERM
Topical term or geographic name entry element Superheroes
Form subdivision Juvenile fiction.
650 #0 - SUBJECT ADDED ENTRY--TOPICAL TERM
Topical term or geographic name entry element Humorous stories.
942 ## - ADDED ENTRY ELEMENTS (KOHA)
Source of classification or shelving scheme
Koha item type Books - Fiction
Holdings
Withdrawn status Lost status Source of classification or shelving scheme Damaged status Not for loan Collection code Permanent Location Current Location Shelving location Date acquired Total Checkouts Total Renewals Full call number Barcode Date last seen Date last checked out Price effective from Koha item type
          Fiction KH8 Primary School Library KH8 Primary School Library Non Fiction 2024-01-20 23 1 813.54 PIL KHPL000004391 2026-03-16 2026-03-09 2024-01-20 Books - Fiction

Powered By KH8 IT Dept